000 00509nam a22001937a 4500
003 OSt
008 251219b |||||||| |||| 00| 0 eng d
082 _a631.53
_bK52C
100 _aKeshri, Jyoti Kumari.
245 _aCombining Ability Analysis of Yield and Quality Traits of QPM Inbred Lines
260 _a.- Pusa, Samastipur
_b: RAU
_c, 2003
300 _a72p.
650 _aPlant Breeding
650 _aYield
650 _aQPM Inbred Lines
650 _aThesis
650 _aM. Sc.
942 _2ddc
_cT
999 _c49573
_d49573